Abdurrahim Karakoç (Record no. 10581)

MARC details
000 -BAŞLIK
Sabit Uzunlukta Kontrol Alanı 00868na a2200277 4500
001 - KONTROL NUMARASI
Denetim Alanı 24015
003 - KONTROL NUMARASI IDENTIFIER
Denetim Alanı MIRAKIL
005 - SON İŞLEM TARİHİ VE ZAMANI
Denetim Alanı 20181213155326.0
008 - SABİT-BOY VERİ ELEMANLARI - GENEL BİLGİLER
Sabit Uzunlukta Kontrol Alanı 180219b tu 000 0
020 ## - ULUSLARARASI STANDART KİTAP NUMARASI
Uluslararası Standart Kitap Numarası 9786056361005
040 ## - KATALOGLAMA KAYNAK
Orijinal Kataloglama Ajansı Milas
Kataloglama Dili tur
Metne Dönüştürmek Ajansı TR-AnCHP
041 ## - DİL KODU
Metin / Ses Parça Veya Ayrı Başlığın Dil Kodu tur
082 ## - DEWEY ONLU SINIFLANDIRMA NUMARASI
Sınıflandırma Numarası 811.42
Ürün Numarası Ş33a 2013
090 ## - SINIFLAMA NUMARASI
Sınıflama Numarası 811.42 Ş33a 2013
100 ## - ANA GİRİŞ - KİŞİSEL İSİM
Kişisel Ad Şehsuvaroğlu, Lütfü
245 ## - BAŞLIK TABLOSU
Başlık Abdurrahim Karakoç
Başlığın Kalan Şairin haberci olarak portresi
Sorumluluk Tablosu, Vb Lütfü Şehsuvaroğlu
246 ## - UNVAN FORM VARYING
Başlık Doğru / Kısa Başlığı Şairin haberci olarak portresi
260 ## - YAYIN, DAĞITIM, VB
Yayın, Dağıtım, Vb Yeri Ankara
Yayıncı, Dağıtıcı, Vs Adı Hasret kitabevi
Yayın, Dağıtım, Vb Tarihi 2013
Üretici Firma Berikan basım yayın
300 ## - FİZİKSEL TANIM
Kapsam 527 s.
Boyutlar 21 sm.
440 ## - SERİSİ TABLOSU / KATMA GİRİŞİ - BAŞLIK
Başlık Arkadaş çeşitlemeleri dizisi
Hacim / Ardışık Tanımı 2
504 ## - KAYNAKÇA VB NOT
Kaynakça Vb Notu Kaynakça var.
600 ## - KONU KATMA GİRİŞ - KURUMSAL ADI
Kişisel Ad Karakoç, Abdurrahim
Bir Adıyla İlişkilendirilen Tarihler 1932-2012
Genel Alt Bölümü Türk Şair
650 ## - KONU KATMA GİRİŞ - TOPİKAL DÖNEM
Topikal Süreli Veya Coğrafi Ad Giriş Elemanı Türk edebiyatı
Genel Alt Bölümü Şiir
740 ## - KATMA GİRİŞ - KONTROLSUZ İLGİLİ / ANALİTİK BAŞLIK
Kontrol Edilmeyen / İlgili Analitik Başlıktaki Şairin haberci olarak portresi
942 ## - EKLENDİ GİRİŞ ELEMANLARI (KOHA)
Sınıflandırma Veya Raf Düzeni Kaynak Dewey Decimal Classification
Koha Öğesi Türü Books
999 ## - SİSTEM KONTROL NUMARALARI (KOHA)
Koha Biblionumber 10581
Koha Biblioitemnumber 10581
Holdings
Kalıcı Konum Mevcut Konum Edinme Tarihi Edinim Kaynak Toplam Check-Out'Lar Tam Çağrı Numarası Barkod Tarih Son Görülme İtibaren Geçerli Fiyatlar Koha Öğesi Türü
CHP Kütüphanesi CHP Kütüphanesi 02/19/2018 Bağış   811.42 Ş33a 2013 018036 02/19/2018 02/19/2018 Books